Somorjai gimisek a száztornyú Prágában

Bibliographic Details
Main Author: Matulová, Alexandra (Author)
Format: Article
Language:Hungarian
Slovak
PhysicalDescription:Fotografie
ISSN:1338-9068
Subjects:

MARC

LEADER 00000nab a2200000 4500
001 vtls011904598
003 SK-MaSNL
005 20260318121705.0
008 191202|2019 xo |||| || ||00 0|hun
015 |a SNBRB2019/11 
040 |a DSZK  |b slo  |c DSZK  |e rda 
041 |a hun  |a slo 
043 |a e-xo---  |a e-xr--- 
044 |a xo  |c SK 
072 7 |a 373.5/.6  |x Stredné školy  |2 konspekt 
080 |a 373.5  |x (437.6)  |2 2011 
100 1 |a Matulová, Alexandra  |4 aut  |9 1583565 
245 1 0 |a Somorjai gimisek a száztornyú Prágában  |c Alexandra Matulová 
300 |b Fotografie 
336 |a text  |b txt  |2 rdacontent 
337 |a bez média  |b n  |2 rdamedia 
338 |a zväzok  |b nc  |2 rdacarrier 
546 |a Dvojjazyčné vydanie 
610 2 7 |a Gymnázium M. R. Štefánika (Šamorín, Slovensko)  |2 dszk  |9 591273 
650 0 7 |a školské exkurzie  |2 SNKPH  |9 83894 
651 7 |a Šamorín (Slovensko)  |2 SNKPHgeo  |9 28925 
651 7 |a Praha (Česko)  |2 SNKPHgeo  |9 19313 
773 0 |t Somorja és vidéke = Šamorín a okolie  |g Évf. XIX, sz. 11 (2019), o. 8  |x 1338-9068 
852 |a DSZK  |b KIS3GCP 
958 |a SK 
958 |a HU 
958 |a RG 
999 |c 3239014  |d 3240944